000 00865cab a22001935a 4500
001 L156954
008 120731e20120722 000 0 eng u
035 _a(Sirsi) u156954
041 0 _aeng
100 1 _aMcMeeken, Roxane
245 0 0 _aTop 150 contractors and housebuilders
260 _c2012
490 0 _aBuilding
_v(8738) 21 July 2012, 32-43(8)
520 _aAnnual league tables of the UK's top contractors and housebuilders; top 150 contractors and housebuilders by turnover; top 20 contractors by contracting turnover; top 20 housebuilders by housing turnover. Also includes methodology and notes, commentary, and case studies about facilities management, new entrant's success in Sierra Leone, and how housebuilders are really doing.
651 4 _aUnited Kingdom
_y
651 4 _aSierra Leone
690 _aConstruction management
_96230
942 _n0
999 _c84210
_d84210